Hygiena a sanitácia pri predaji požívatín pre kurzy hygienického minima a pre ľudových hygienikov

Bibliographic Details
Main Authors: Halačka, Karel, 1910-2002 (Author), Úlehlová-Tilschová, Marie, 1896-1978 (Author)
Other Authors: Ďuriančiková, Darina (Translator)
Format: Book
Language:Slovak
Czech
PhysicalDescription:50, [2] s. 8°
Published: Bratislava Výskumný ústav zdravotníckej osvety - Obl. ústav pre Slovensko 1955
Edition:2. vyd.
Series:Zdravotnícke aktuality
Subjects:

MARC

LEADER 00000cam a2200000 a 4500
001 vtls008314907
003 SK-MaSNL
005 20260301074912.0
008 251029s1955 xo 000 0 slo
015 |a SKSNBA1956/03-00340 
035 |a SK01SNK19560007124 
035 |a SKM000009587 
040 |a SNK  |b slo  |c SNK  |e AACR2 
041 1 |a slo  |h cze 
044 |a xo  |c SK 
080 |a 614.31:613.2:351.773(083.133)  |2 1981 
080 |a 613.2:614.31:351.773(083.133)  |2 1981 
080 |a 351.773:614.31:613.2(083.133)  |2 1981 
100 1 |a Halačka, Karel,  |d 1910-2002  |4 aut 
240 1 0 |a Hygiena a sanitace při prodeji požívatin  |l Slovensky 
245 1 0 |a Hygiena a sanitácia pri predaji požívatín  |b pre kurzy hygienického minima a pre ľudových hygienikov  |c K. Halačka, M. Úlehlová-Tilschová ; z čes. pôv. Hygiena a sanitace při prodeji požívatin prel. Darina Ďuriančiková 
250 |a 2. vyd. 
260 |a Bratislava  |b Výskumný ústav zdravotníckej osvety - Obl. ústav pre Slovensko  |c 1955  |e Prešov  |f Dukelské tlačiarne 
300 |a 50, [2] s.  |c 8° 
490 1 |a Zdravotnícke aktuality  |v zv. 9 
500 |a Pozn. Príl. 
563 |a 15000 výtl. 
650 0 7 |a hygiena  |x predaj požívatín  |x pravidlá  |x smernice  |2 SNK  |9 398231 
655 7 |a knihy  |2 SNKPH  |9 307098 
655 7 |a smernice  |2 SNKPH  |9 26899 
700 1 |a Úlehlová-Tilschová, Marie,  |d 1896-1978  |4 aut  |9 134056 
700 1 |a Ďuriančiková, Darina  |4 trl  |9 398232 
730 |a Hygiena a sanitace při prodeji požívatin  |9 398233 
830 0 |a Zdravotnícke aktuality  |9 288667 
852 |a Slovenská národná knižnica v Martine  |b 10000  |h SD 10606 
958 |a OND 
958 |a TL 
958 |a RK 
958 |a OP 
958 |a CZ 
958 |a ME 
999 |c 648577  |d 650507 
952 |a SNK  |b SNK  |y PREZ  |7 0  |p 17A0445476  |o snkSD 10606  |i snkKSP 653/56  |0 0  |1 0  |4 0  |d 2004-09-30  |l 0  |r 2025-11-24 00:00:00  |w 2026-02-23 
952 |a SNK  |b SNK  |y VYP  |7 0  |p 17A1187470  |o snkSD 10606 D1  |i snkKSP 654/56  |0 0  |1 0  |4 0  |d 2017-02-24  |l 0  |r 2026-02-23 18:14:40  |w 2026-02-23